000 00800nam a2200277 a 4500
001 000017175
003 DO-SdBNP
005 20240412074245.0
007 ta
008 100319t1984 dr 001 p spa d
040 _aDO-SdBNP
_bspa
_cBNPHU
082 4 _aRD861.44
_bM351o
_222
100 1 _aMármol, José,
_d1960-
_96454
245 1 3 _aEl ojo del arúspice :
_bpoemas /
_cJosé Mármol.
260 _aSanto Domingo :
_b[s.n.],
_c1984.
300 _a87 p. ;
_c21 cm.
490 1 _aLuna cabeza caliente
490 1 _aNovilunio
_v6
590 _aInventariado, 2018/LP
650 4 _aPoesía dominicana
_966
650 0 _aLiteratura dominicana.
_967
830 0 _aLuna cabeza caliente
_925200
830 0 _aNovilunio
_n6
_937807
910 _aValidado. Control de calidad EMS.
942 _2ddc
_cLBS1
999 _c16701
_d16701